Organizácia a základné kompetencie vlády a ústredných orgánov štátnej správy

Bibliographic Details
Main Author: Grman, Štefan, 1950- (Author)
Format: Book
Language:Slovak
PhysicalDescription:26 s. 30 cm
Published: Bratislava Belimex 1997
ISBN:808532735X
Subjects:

MARC

LEADER 00000nam a2200000 a 4500
001 vtls001313110
003 SK-MaSNL
005 20260301235333.0
008 240315s1997 xo a r y slo
015 |a SNBA1998/04-01253 
020 |a 808532735X 
035 |a SNK000265527 
035 |a urn:nbn:sk:snk-amlph0 
035 |a urn:nbn:sk:snk-am00c3hc 
035 |a 3B6653AF-FFA7-41DC-AF5A-587628CF0087 
040 |a SNK  |b slo  |c SNK  |e AACR2 
041 0 |a slo 
044 |a xo  |c SK 
080 |a 354  |2 1981 
080 |a 342.518  |2 1981 
100 1 |a Grman, Štefan,  |d 1950-  |4 aut  |9 244964 
245 1 |a Organizácia a základné kompetencie vlády a ústredných orgánov štátnej správy  |c Štefan Grman 
260 |a Bratislava  |b Belimex  |c 1997 
300 |a 26 s.  |c 30 cm 
500 |a Vyd. Inštitút verejnej mienky 
504 |a Bibliogr. s. 27 
610 0 7 |a Slovenská republika  |e Vláda  |x kompetencie  |2 SNK  |9 632460 
650 0 7 |a správa štátna  |x orgány ústredné  |x kompetencie  |2 SNK  |9 632461 
655 7 |a príručky  |2 SNK  |9 74364 
710 0 |a Inštitút pre verejnú správu Bratislava  |4 pbl  |9 497650 
919 |a 80-85327-35-X 
958 |a TL 
958 |a NB 
958 |a BQ 
999 |c 974579  |d 976509 
952 |t P60, <09>, [BOOK], {629}  |a SNK  |b SNK  |y NEVYP  |7 0  |o snkB 1294  |i snk4772/971204  |0 0  |1 0  |4 0  |d 1997-12-03  |l 0  |r 2005-01-02 00:00:00  |w 2026-02-24 
952 |t P60, <03>, [BOOK], {603}  |a SNK  |b SNK  |y PREZ  |7 0  |p 17A0108217  |o snkSB 57996  |i snkKSP 11962/97  |0 0  |1 0  |4 0  |d 1997-12-03  |f 1  |l 0  |r 2025-04-09 00:00:00  |w 2026-02-24 
952 |t P60, <04>, [BOOK], {604}  |a SNK  |b SNK  |y VYP  |7 0  |p 17A0108216  |o snkSB 57996 D1  |i snkKSP 11963/97  |0 0  |1 0  |4 0  |d 1997-12-03  |l 0  |r 2005-01-02 00:00:00  |w 2026-02-24